| 000 | 00579nam a2200169 i 4500 | ||
|---|---|---|---|
| 001 | 113388 | ||
| 003 | ES-MaACL | ||
| 005 | 20230906185854.0 | ||
| 007 | t| | ||
| 008 | 061121s1932 sp r ||||1| spa d | ||
| 100 | 1 |
_aNitti, Francesco Saverio ( _d1868-1953) _9130500 |
|
| 245 | 1 | 3 |
_aLa democracia _b: la formación de las democracias modernas y la reacción antidemocrática / _cFrancisco Nitti ; traducción de Almela y Vives. |
| 260 |
_aMadrid : _bAguilar, _c1932. |
||
| 300 |
_a2 v. ; _c22 cm. |
||
| 700 | 0 |
_aAlmela i Vives, Francesc. _920131 |
|
| 852 |
_aES-MaACL _jA-1110-11 |
||
| 999 |
_c113388 _d113388 |
||